<?xml version="1.0" encoding="UTF-8"?>
<record
    xmlns:xsi="http://www.w3.org/2001/XMLSchema-instance"
    xsi:schemaLocation="http://www.loc.gov/MARC21/slim http://www.loc.gov/standards/marcxml/schema/MARC21slim.xsd"
    xmlns="http://www.loc.gov/MARC21/slim">

  <leader>00451nam a2200157   4500</leader>
  <controlfield tag="003">SEACOMEC</controlfield>
  <controlfield tag="005">20250528133718.0</controlfield>
  <controlfield tag="008">250528b        |||||||| |||| 00| 0 eng d</controlfield>
  <datafield tag="020" ind1=" " ind2=" ">
    <subfield code="a">978-0201500226</subfield>
    <subfield code="c">699.00</subfield>
  </datafield>
  <datafield tag="040" ind1=" " ind2=" ">
    <subfield code="a">SEACOMEC</subfield>
  </datafield>
  <datafield tag="082" ind1=" " ind2=" ">
    <subfield code="a">621.3815</subfield>
    <subfield code="b">S652</subfield>
  </datafield>
  <datafield tag="100" ind1=" " ind2=" ">
    <subfield code="a"> Smith , Michael John Sebastian</subfield>
  </datafield>
  <datafield tag="245" ind1=" " ind2=" ">
    <subfield code="a">Application-Specific Integrated Circuits</subfield>
    <subfield code="c">Michael John Sebastian Smith</subfield>
  </datafield>
  <datafield tag="260" ind1=" " ind2=" ">
    <subfield code="a">New Delhi :</subfield>
    <subfield code="b">Pearson,</subfield>
    <subfield code="c">1997</subfield>
  </datafield>
  <datafield tag="942" ind1=" " ind2=" ">
    <subfield code="c">BOOK</subfield>
  </datafield>
  <datafield tag="952" ind1=" " ind2=" ">
    <subfield code="0">0</subfield>
    <subfield code="1">0</subfield>
    <subfield code="2">ddc</subfield>
    <subfield code="4">0</subfield>
    <subfield code="7">0</subfield>
    <subfield code="a">SEACOMEC</subfield>
    <subfield code="b">SEACOMEC</subfield>
    <subfield code="d">2010-11-03</subfield>
    <subfield code="l">0</subfield>
    <subfield code="o">621.3815 S652</subfield>
    <subfield code="p">17488</subfield>
    <subfield code="r">2025-05-28 13:37:47</subfield>
    <subfield code="w">2025-05-28</subfield>
    <subfield code="y">REF</subfield>
  </datafield>
  <datafield tag="952" ind1=" " ind2=" ">
    <subfield code="0">0</subfield>
    <subfield code="1">0</subfield>
    <subfield code="2">ddc</subfield>
    <subfield code="4">0</subfield>
    <subfield code="7">0</subfield>
    <subfield code="a">SEACOMEC</subfield>
    <subfield code="b">SEACOMEC</subfield>
    <subfield code="d">2010-11-03</subfield>
    <subfield code="l">0</subfield>
    <subfield code="o">621.3815 S652</subfield>
    <subfield code="p">17489</subfield>
    <subfield code="r">2025-05-28 13:37:47</subfield>
    <subfield code="t">1</subfield>
    <subfield code="w">2025-05-28</subfield>
    <subfield code="y">BOOK</subfield>
  </datafield>
  <datafield tag="952" ind1=" " ind2=" ">
    <subfield code="0">0</subfield>
    <subfield code="1">0</subfield>
    <subfield code="2">ddc</subfield>
    <subfield code="4">0</subfield>
    <subfield code="7">0</subfield>
    <subfield code="a">SEACOMEC</subfield>
    <subfield code="b">SEACOMEC</subfield>
    <subfield code="d">2010-11-03</subfield>
    <subfield code="l">0</subfield>
    <subfield code="o">621.3815 S652</subfield>
    <subfield code="p">17490</subfield>
    <subfield code="r">2025-05-28 13:37:47</subfield>
    <subfield code="t">2</subfield>
    <subfield code="w">2025-05-28</subfield>
    <subfield code="y">BOOK</subfield>
  </datafield>
  <datafield tag="952" ind1=" " ind2=" ">
    <subfield code="0">0</subfield>
    <subfield code="1">0</subfield>
    <subfield code="2">ddc</subfield>
    <subfield code="4">0</subfield>
    <subfield code="7">0</subfield>
    <subfield code="a">SEACOMEC</subfield>
    <subfield code="b">SEACOMEC</subfield>
    <subfield code="d">2010-11-03</subfield>
    <subfield code="l">0</subfield>
    <subfield code="o">621.3815 S652</subfield>
    <subfield code="p">17491</subfield>
    <subfield code="r">2025-05-28 13:37:47</subfield>
    <subfield code="t">3</subfield>
    <subfield code="w">2025-05-28</subfield>
    <subfield code="y">BOOK</subfield>
  </datafield>
  <datafield tag="952" ind1=" " ind2=" ">
    <subfield code="0">0</subfield>
    <subfield code="1">0</subfield>
    <subfield code="2">ddc</subfield>
    <subfield code="4">0</subfield>
    <subfield code="7">0</subfield>
    <subfield code="a">SEACOMEC</subfield>
    <subfield code="b">SEACOMEC</subfield>
    <subfield code="d">2010-11-03</subfield>
    <subfield code="l">0</subfield>
    <subfield code="o">621.3815 S652</subfield>
    <subfield code="p">17492</subfield>
    <subfield code="r">2025-05-28 13:37:47</subfield>
    <subfield code="t">4</subfield>
    <subfield code="w">2025-05-28</subfield>
    <subfield code="y">BOOK</subfield>
  </datafield>
  <datafield tag="952" ind1=" " ind2=" ">
    <subfield code="0">0</subfield>
    <subfield code="1">0</subfield>
    <subfield code="2">ddc</subfield>
    <subfield code="4">0</subfield>
    <subfield code="7">0</subfield>
    <subfield code="a">SEACOMEC</subfield>
    <subfield code="b">SEACOMEC</subfield>
    <subfield code="d">2010-11-03</subfield>
    <subfield code="l">0</subfield>
    <subfield code="o">621.3815 S652</subfield>
    <subfield code="p">17493</subfield>
    <subfield code="r">2025-05-28 13:37:47</subfield>
    <subfield code="t">5</subfield>
    <subfield code="w">2025-05-28</subfield>
    <subfield code="y">BOOK</subfield>
  </datafield>
  <datafield tag="952" ind1=" " ind2=" ">
    <subfield code="0">0</subfield>
    <subfield code="1">0</subfield>
    <subfield code="2">ddc</subfield>
    <subfield code="4">0</subfield>
    <subfield code="7">0</subfield>
    <subfield code="a">SEACOMEC</subfield>
    <subfield code="b">SEACOMEC</subfield>
    <subfield code="d">2010-11-03</subfield>
    <subfield code="l">0</subfield>
    <subfield code="o">621.3815 S652</subfield>
    <subfield code="p">17494</subfield>
    <subfield code="r">2025-05-28 13:37:47</subfield>
    <subfield code="t">6</subfield>
    <subfield code="w">2025-05-28</subfield>
    <subfield code="y">BOOK</subfield>
  </datafield>
  <datafield tag="952" ind1=" " ind2=" ">
    <subfield code="0">0</subfield>
    <subfield code="1">0</subfield>
    <subfield code="2">ddc</subfield>
    <subfield code="4">0</subfield>
    <subfield code="7">0</subfield>
    <subfield code="a">SEACOMEC</subfield>
    <subfield code="b">SEACOMEC</subfield>
    <subfield code="d">2010-11-03</subfield>
    <subfield code="l">0</subfield>
    <subfield code="o">621.3815 S652</subfield>
    <subfield code="p">17495</subfield>
    <subfield code="r">2025-05-28 13:37:47</subfield>
    <subfield code="t">7</subfield>
    <subfield code="w">2025-05-28</subfield>
    <subfield code="y">BOOK</subfield>
  </datafield>
  <datafield tag="952" ind1=" " ind2=" ">
    <subfield code="0">0</subfield>
    <subfield code="1">0</subfield>
    <subfield code="2">ddc</subfield>
    <subfield code="4">0</subfield>
    <subfield code="7">0</subfield>
    <subfield code="a">SEACOMEC</subfield>
    <subfield code="b">SEACOMEC</subfield>
    <subfield code="d">2010-11-03</subfield>
    <subfield code="l">0</subfield>
    <subfield code="o">621.3815 S652</subfield>
    <subfield code="p">17496</subfield>
    <subfield code="r">2025-05-28 13:37:47</subfield>
    <subfield code="t">8</subfield>
    <subfield code="w">2025-05-28</subfield>
    <subfield code="y">BOOK</subfield>
  </datafield>
  <datafield tag="952" ind1=" " ind2=" ">
    <subfield code="0">0</subfield>
    <subfield code="1">0</subfield>
    <subfield code="2">ddc</subfield>
    <subfield code="4">0</subfield>
    <subfield code="7">0</subfield>
    <subfield code="a">SEACOMEC</subfield>
    <subfield code="b">SEACOMEC</subfield>
    <subfield code="d">2010-11-03</subfield>
    <subfield code="l">0</subfield>
    <subfield code="o">621.3815 S652</subfield>
    <subfield code="p">17497</subfield>
    <subfield code="r">2025-05-28 13:37:47</subfield>
    <subfield code="t">9</subfield>
    <subfield code="w">2025-05-28</subfield>
    <subfield code="y">BOOK</subfield>
  </datafield>
  <datafield tag="999" ind1=" " ind2=" ">
    <subfield code="c">2298</subfield>
    <subfield code="d">2298</subfield>
  </datafield>
</record>
